000 01685nas a2200277Ia 4500
001 R200-R1687
003 IT-CnALBA
008 170116c99999999xx |||||||||||| ||und||
040 _aIT-CnALBA
_cIT-CnALBA
041 _aITALIANO
100 _aGIRAUDO CESARE, SJ.
210 _aRASSEGNA DI TEOLOGIA
222 _aRASSEGNA DI TEOLOGIA
245 0 _aRASSEGNA DI TEOLOGIA. N. II. ANNO XXV MARZO APRILE 1984. RIVISTA DI AGGIORNAMENTO CRISTIANO TEORICO E PRATICO.
_b RIVISTA DI AGGIORNAMENTO CRISTIANO TEORICO E PRATICO
250 _a1a ed.
260 _aROMA
_bAVE, ANONIMA VERITA'S EDITRICE
_c1984
300 _a191 p.
310 _aBIMESTRALE
362 _aFascicolo: 2 / Anno: 25 (1984)
500 _aATTIVITÀ TEOLOGICA ITALIANA. CARITÀ NELLA CHIESA. ABBOZZO CONGRESSO ATI 1985. GESUITI E CONCILIO. RISONANZE BIBLICO GIUDAICHE NELL'EXULTET DI PASQUA, GIOIA PASQUALE. NUOVA EDIZIONE DEL MESSALE ITALIANO. MARITAIN E LA FILOSOFIA CRISTIANA. INTERPRETAZIONE STORICISTICA DEL SACERDOZIO. RECENSIONI. BIBLIOGRAFIA. LIBRI IN VISIONE. CALVEZ J. Y. MUCCI G. D. GALEAZZI G. D. IDANICH S.
501 _aSocietà San Paolo EM - Piazza San Paolo, 14 - 12051 ALBA (CN) (non commercial uses only) ® Copyright 2017
520 _aATTIVITÀ TEOLOGICA ITALIANA. CARITÀ NELLA CHIESA. ABBOZZO CONGRESSO ATI 1985. GESUITI E CONCILIO. RISONANZE BIBLICO GIUDAICHE NELL'EXULTET DI PASQUA, GIOIA PASQUALE. NUOVA EDIZIONE DEL MESSALE ITALIANO. MARITAIN E LA FILOSOFIA CRISTIANA. INTERPRETAZIONE STORICISTICA DEL SACERDOZIO. RECENSIONI. BIBLIOGRAFIA. LIBRI IN VISIONE. CALVEZ J. Y. MUCCI G. D. GALEAZZI G. D. IDANICH S.
650 _aTEOLOGIA - SCIENZE UMANE
942 _cCR
957 _71
999 _a11665
_bNO
_g1
_c319762
_d319762